000 01514nam a2200409 i 4500
001 33266
003 KOSZ 005
005 20221024115801.0
008 980424s1998 pl a f f |001 0 pol
015 _aPB 4508/98
020 _a8320422558
040 _aWA N
_cWA N
_dKOSZ 005/HR
046 _k1998
080 _a669.017/.018
080 _a621.78
080 _a(075.8)
100 1 _aDobrzański, Leszek Adam
_d(1947- )
_eAutor
245 1 0 _aMetaloznawstwo z podstawami nauki o materiałach /
_cLeszek Adam Dobrzański.
250 _aWyd. 4 zm. i rozsz.
260 _aWarszawa :
_bWydawnictwa Naukowo-Techniczne,
_c1998.
300 _a602 s. :
_brys., wykr. ;
_c25 cm.
336 _2rdacontent
_aTekst
_btxt
337 _2rdamedia
_aBez urządzenia pośredniczącego
_bn
338 _2rdacarrier
_aWolumin
_bnc
380 _aKsiążki
388 _a1901-2000
388 _a1989-2000
504 _aBibliogr. s. 571-578. - Indeksy.
521 _aDla studentów wydz. mechanicznych, metalurgicznych, inżynierii materiałowej, automatyki i robotyki, organizacji i zarządzania i in., pomocniczo dla inż. i słuchaczy studiów podyplomowych.
650 4 _aMetaloznawstwo
650 4 _aObróbka metali
655 4 _aPodręczniki akademickie
658 _aInżynieria i technika
710 2 _aWydawnictwa Naukowo-Techniczne
_4pbl.
856 _uhttp://koha.tu.koszalin.pl/cgi-bin/koha/opac-detail.pl?biblionumber=33266
_yKatalog online BPK
942 _2UKD
_cKS
999 _c33266
_d33266